00566nam a2200145 a 450008200120000010000190001224501390003126000580017030000070022865000350023570000190027094200080028995201080029799900150040500a206 CHI aChinnaiah, T I aAn Examination of the History of the Henry Martyn Institute of Islamic Studies and Its Evaluation (From January 1st, 1930 to May 1975) aHyderabadbAndhra Christian Theological Collegec1975 a93 aHenry Martyn Institute-History1 aChinnaiah, T I cRRB 00104070aHMIbHMIcREFd2017-03-29g50.00l1o206 CHIp7756r2019-05-07s2019-03-19w2026-01-16yEB c4222d4222